00655nam a2200217 i 4500003000900000005001700009007000300026008004100029040003000070082002500100110002900125240001900154245009600173264004700269300002700316336002700343337003300370338002800403650000300431651000300434DO-SdBNP20250617093457.0ta091207s2008 dr 000 0 spa d aDO-SdBNPbspacBNPHUerda 4axxxbR426L, 20082221 aRepública Dominicana. 13a[ Leyes, etc.]10aLey No. 42-08 sobre la defensa de la competencia :bG.O. No. 10458, del 25 de enero de 2008 1aSanto Domingo :bCongreso Nacional,c2008. a38 páginas ;c21 cm. atextobtxt2rdacontent asin mediaciónbn2rdamedia avolumenbnc2rdacarrier